Statistics for Let Her Go--Passenger (all lyrics)

Click here to take the quiz!

General Stats

  • This quiz has been taken 616 times
  • The average score is 357 of 406

Answer Stats

Answer% Correct
go
99%
go,
99%
go.
99%
her
99%
let
99%
when
99%
you
99%
You
99%
Only
98%
only
98%
the
98%
it
97%
love
97%
to
96%
a
95%
low.
95%
miss
95%
your
95%
know
94%
starts
94%
sun
94%
snow.
93%
and
92%
And
92%
you're
91%
feeling
89%
it's
88%
high
87%
home.
87%
light
86%
missing
86%
been
85%
road
85%
you've
84%
hate
80%
need
80%
burning
79%
so
74%
in
72%
see
72%
at
70%
But
68%
but
68%
one
68%
'Cause
67%
day
67%
fast.
66%
slow,
66%
Staring
66%
you'll
66%
come
64%
of
64%
touch
63%
heart.
61%
dream
60%
bottom
59%
goes
59%
too
59%
why
59%
dark,
58%
make
58%
close
57%
eyes.
57%
never
57%
Well
57%
empty
56%
hoping
56%
last.
56%
fall
55%
glass,
55%
keep.
55%
understand
55%
Maybe
54%
old
54%
everything
53%
oh.
53%
oh,
53%
same
53%
asleep,
52%
deep.
52%
comes
51%
dies.
51%
they
51%
much,
50%
ceiling
49%
loved
48%
dreams
47%
surely
42%
dived
41%

Score Distribution

Percentile by Number Answered

Percent of People with Each Score

Your Score History

You have not taken this quiz